[Event "44th Chess Olympiad Women 2022"]
[Site "Chennai"]
[Date "2022.07.30"]
[Round "2.1"]
[White "Tania, Sachdev"]
[Black "Borda Rodas, Anapaola S."]
[Result "1-0"]
[WhiteElo "2399"]
[BlackElo "2183"]
[Annotator "ChessBase"]
[PlyCount "71"]
[EventDate "2022.07.29"]
[EventType "team-tourn"]
[EventCountry "IND"]
[SourceTitle "playchess.com"]
[Source "ChessBase"]
[SourceQuality "1"]
[WhiteTeam "India"]
[BlackTeam "Argentina"]
[WhiteTeamCountry "IND"]
[BlackTeamCountry "ARG"]

1. d4 Nf6 2. c4 g6 3. Nc3 d5 4. cxd5 Nxd5 5. Bd2 Bg7 6. e4 Nxc3 7. Bxc3 O-O 8.
Qd2 c5 9. d5 e6 10. Bxg7 Kxg7 11. Bc4 Nd7 12. Ne2 Nb6 13. b3 Qf6 14. O-O Rd8
15. Rad1 exd5 16. exd5 Bf5 17. Qa5 Nd7 18. Rfe1 a6 19. a4 b5 20. axb5 axb5 21.
Qxb5 Rab8 22. Qa4 Bc2 23. Rc1 Qb2 24. Qa5 Ne5 25. Qd2 Nxc4 26. bxc4 Bf5 27. Qf4
Rb4 28. Ng3 Bd3 29. Nh5+ Kg8 30. Qh4 Rf8 31. Nf6+ Kg7 32. Nd7 Re8 33. h3 Rxe1+
34. Rxe1 Rxc4 35. Qe7 h5 36. Ne5 1-0

[Event "44th Chess Olympiad Women 2022"]
[Site "Chennai"]
[Date "2022.07.30"]
[Round "2.1"]
[White "Campos, Maria Jose"]
[Black "Vaishali R"]
[Result "0-1"]
[WhiteElo "2185"]
[BlackElo "2442"]
[Annotator "TA"]
[PlyCount "180"]
[EventDate "2022.07.29"]
[EventType "team-tourn"]
[EventCountry "IND"]
[SourceTitle "playchess.com"]
[Source "ChessBase"]
[SourceQuality "1"]
[WhiteTeam "Argentina"]
[BlackTeam "India"]
[WhiteTeamCountry "ARG"]
[BlackTeamCountry "IND"]

1. c4 Nf6 2. g3 e6 3. Bg2 d5 4. Nf3 dxc4 5. O-O a6 6. a4 Nc6 7. Na3 Bxa3 8.
Rxa3 e5 9. b3 cxb3 10. Rxb3 O-O 11. Bb2 Re8 12. Qa1 e4 13. Nh4 Na5 14. Rb4 Qxd2
15. Bc3 Qg5 16. Bxf6 Qxf6 17. Qxf6 gxf6 18. Rc1 c6 19. Bxe4 Bd7 20. f4 b5 21.
Rc5 Nb7 22. Rh5 Rxe4 23. Rxe4 Bg4 24. Rh6 Kg7 25. f5 Bxe2 26. Rxe2 Kxh6 27. Re7
Nd8 28. Nf3 Rb8 29. Nd2 bxa4 30. Ra7 Rb2 31. Nc4 Rc2 32. Ne3 Re2 33. Nc4 Rc2
34. Ne3 Rc3 35. Kf2 a3 36. Rxa6 Nb7 37. h4 Nd6 38. Ra4 Kg7 39. Ke2 Rb3 40. g4
h6 41. Kd2 Nb5 42. Nc4 Rh3 43. h5 Nc3 44. Ra8 Ne4+ 45. Ke2 a2 46. Ne3 Rh1 47.
Nc2 Rh2+ 48. Kd3 Rd2+ 49. Kxe4 Rxc2 50. Kd4 Rg2 51. Kc5 Rxg4 52. Rxa2 Rg5 53.
Rf2 Rxh5 54. Kxc6 Rg5 55. Kd5 h5 56. Ke4 Rg4+ 57. Kf3 Kh6 58. Ra2 Kg5 59. Ra7
Rf4+ 60. Kg2 Kxf5 61. Rxf7 Kg4 62. Rg7+ Kh4 63. Rf7 Rf5 64. Rf8 Kg4 65. Ra8 h4
66. Rh8 Rb5 67. Rg8+ Rg5 68. Rf8 f5 69. Rh8 f4 70. Rh7 Ra5 71. Rg7+ Kf5 72. Kh3
Ra1 73. Kg2 Ra2+ 74. Kf3 Ra3+ 75. Kf2 Rg3 76. Rf7+ Kg5 77. Rf8 Ra3 78. Kg2 h3+
79. Kf2 Ra6 80. Rg8+ Rg6 81. Rh8 Rh6 82. Rg8+ Kf5 83. Rf8+ Ke5 84. Re8+ Kf6 85.
Re1 h2 86. Rh1 Kf5 87. Kf3 Rh3+ 88. Kg2 Kg4 89. Rxh2 Rxh2+ 90. Kxh2 Kf3 0-1

[Event "44th Chess Olympiad Women 2022"]
[Site "Chennai"]
[Date "2022.07.30"]
[Round "2.1"]
[White "Sarquis, Maria Belen"]
[Black "Kulkarni Bhakti"]
[Result "0-1"]
[WhiteElo "2072"]
[BlackElo "2373"]
[Annotator "TA"]
[PlyCount "88"]
[EventDate "2022.07.29"]
[EventType "team-tourn"]
[EventCountry "IND"]
[SourceTitle "playchess.com"]
[Source "ChessBase"]
[SourceQuality "1"]
[WhiteTeam "Argentina"]
[BlackTeam "India"]
[WhiteTeamCountry "ARG"]
[BlackTeamCountry "IND"]

1. e4 e5 2. Nf3 Nc6 3. Bc4 Nf6 4. d3 h6 5. c3 d6 6. O-O g5 7. Re1 Bg7 8. Bb3
Qe7 9. Na3 Be6 10. Nc4 g4 11. Nfd2 Qd7 12. Ne3 h5 13. Ndf1 O-O-O 14. Ba4 d5 15.
exd5 Nxd5 16. Nc4 f6 17. Qe2 Bf5 18. d4 exd4 19. cxd4 Ndb4 20. Na5 Bd3 21. Bxc6
bxc6 22. Qd1 Qxd4 23. Qb3 Qb6 24. Bd2 c5 25. Bxb4 cxb4 26. Nc4 Qb5 27. Rac1 Bh6
28. Nce3 Rd7 29. Qe6 f5 30. Red1 Kb8 31. Rc5 Qxc5 32. Qxd7 Be4 33. Nd5 h4 34.
Nf6 Bc6 35. Qe6 Bf4 36. Nd7+ Bxd7 37. Qxd7 g3 38. Qd4 gxf2+ 39. Qxf2 Bd6 40.
Rd2 Re8 41. Rc2 Qd5 42. b3 h3 43. g3 Re5 44. Rd2 Qc6 0-1

[Event "44th Chess Olympiad Women 2022"]
[Site "Chennai"]
[Date "2022.07.30"]
[Round "2.2"]
[White "Ushenina, Anna"]
[Black "Aydin, Gulenay"]
[Result "1-0"]
[WhiteElo "2423"]
[BlackElo "2100"]
[Annotator "TA"]
[PlyCount "103"]
[EventDate "2022.07.29"]
[EventType "team-tourn"]
[EventCountry "IND"]
[SourceTitle "playchess.com"]
[Source "ChessBase"]
[SourceQuality "1"]
[WhiteTeam "Ukraine"]
[BlackTeam "Turkey"]
[WhiteTeamCountry "UKR"]
[BlackTeamCountry "TUR"]

1. e4 c5 2. Nf3 d6 3. Bb5+ Bd7 4. Bxd7+ Qxd7 5. c4 Nc6 6. Nc3 g6 7. d4 cxd4 8.
Nxd4 Bg7 9. Be3 Nf6 10. f3 O-O 11. O-O Rac8 12. b3 Qd8 13. Rc1 Qa5 14. Qd2 Rfd8
15. Rfd1 a6 16. Nxc6 Rxc6 17. a4 Nd7 18. Nd5 Qxd2 19. Bxd2 Kf8 20. Bg5 Nf6 21.
Nxf6 Bxf6 22. Bxf6 exf6 23. Rd5 Ke7 24. Rcd1 Rb8 25. Kf2 h5 26. Ke3 Rbc8 27. h4
Rb6 28. R1d3 Rbc6 29. Kf4 Rh8 30. Ke3 Ke6 31. Kd4 Ke7 32. Rd1 Rb6 33. Kc3 Rc6
34. Rh1 Rc5 35. Kd4 Rxd5+ 36. exd5 Kd7 37. Re1 Rc8 38. a5 Rb8 39. b4 b6 40.
axb6 Rxb6 41. Kc3 f5 42. Ra1 Kc7 43. c5 dxc5 44. bxc5 Rb5 45. Kc4 Kb7 46. Re1
Rb2 47. Re7+ Kc8 48. d6 Rd2 49. Rxf7 Kd8 50. Ra7 Rxg2 51. c6 Rc2+ 52. Kd5 1-0

[Event "44th Chess Olympiad Women 2022"]
[Site "Chennai"]
[Date "2022.07.30"]
[Round "2.2"]
[White "Atalik, Ekaterina"]
[Black "Muzychuk, Mariya"]
[Result "1-0"]
[WhiteElo "2422"]
[BlackElo "2540"]
[Annotator "TA"]
[PlyCount "87"]
[EventDate "2022.07.29"]
[EventType "team-tourn"]
[EventCountry "IND"]
[SourceTitle "playchess.com"]
[Source "ChessBase"]
[SourceQuality "1"]
[WhiteTeam "Turkey"]
[BlackTeam "Ukraine"]
[WhiteTeamCountry "TUR"]
[BlackTeamCountry "UKR"]

1. c4 c6 2. Nc3 d5 3. e3 Nf6 4. Nf3 e6 5. b3 Bd6 6. Bb2 O-O 7. d4 Ne4 8. Nxe4
dxe4 9. Nd2 f5 10. Qc2 Nd7 11. O-O-O Qe7 12. f3 exf3 13. gxf3 e5 14. Bd3 Nf6
15. Rde1 a5 16. Bxf5 Bxf5 17. Qxf5 exd4 18. exd4 Qc7 19. Rhg1 Rf7 20. d5 Raf8
21. Qe6 Kh8 22. Ne4 Nxe4 23. Rxe4 Bf4+ 24. Kb1 cxd5 25. Qxd5 Bh6 26. Be5 Qc8
27. Bd6 Rf5 28. Qe6 Qxe6 29. Rxe6 Rd8 30. Be5 Kg8 31. f4 g6 32. Rg4 Rd7 33. Kc2
Rf8 34. h4 Rfd8 35. Rg2 Bg7 36. h5 gxh5 37. f5 Kf8 38. f6 Bh6 39. Bc3 Kf7 40.
Re5 Bf4 41. Rg7+ Kf8 42. Ree7 Rd1 43. Rxh7 Rg1 44. Reg7 1-0

[Event "44th Chess Olympiad Women 2022"]
[Site "Chennai"]
[Date "2022.07.30"]
[Round "2.2"]
[White "Osmak, Yuliia"]
[Black "Kocyigit, Buse Naz"]
[Result "1-0"]
[WhiteElo "2420"]
[BlackElo "1991"]
[Annotator "TA"]
[PlyCount "67"]
[EventDate "2022.07.29"]
[EventType "team-tourn"]
[EventCountry "IND"]
[SourceTitle "playchess.com"]
[Source "ChessBase"]
[SourceQuality "1"]
[WhiteTeam "Ukraine"]
[BlackTeam "Turkey"]
[WhiteTeamCountry "UKR"]
[BlackTeamCountry "TUR"]

1. d4 Nf6 2. c4 g6 3. Nc3 Bg7 4. e4 d6 5. Be2 O-O 6. Be3 Na6 7. Nf3 c5 8. O-O
cxd4 9. Nxd4 Nc5 10. f3 Bd7 11. Rc1 Rc8 12. b4 Ne6 13. Nb3 b6 14. Qd2 Bc6 15.
Rfd1 a5 16. Nd5 Nd7 17. bxa5 Nec5 18. Nxb6 Nxb6 19. Nxc5 Na4 20. Nb3 f5 21.
exf5 Rxf5 22. c5 d5 23. f4 e5 24. Bg4 exf4 25. Bd4 Qg5 26. Bxf5 Qxf5 27. Bxg7
Kxg7 28. Nd4 Qg4 29. Nxc6 Rxc6 30. Qd4+ Rf6 31. Qxa4 Qe2 32. Re1 Qd2 33. Rcd1
Qc3 34. Qd4 1-0

[Event "44th Chess Olympiad Women 2022"]
[Site "Chennai"]
[Date "2022.07.30"]
[Round "2.2"]
[White "Okuyaz, Duru"]
[Black "Buksa, Nataliya"]
[Result "0-1"]
[WhiteElo "2090"]
[BlackElo "2401"]
[Annotator "TA"]
[PlyCount "144"]
[EventDate "2022.07.29"]
[EventType "team-tourn"]
[EventCountry "IND"]
[SourceTitle "playchess.com"]
[Source "ChessBase"]
[SourceQuality "1"]
[WhiteTeam "Turkey"]
[BlackTeam "Ukraine"]
[WhiteTeamCountry "TUR"]
[BlackTeamCountry "UKR"]

1. e4 c5 2. Nf3 Nc6 3. Bb5 g6 4. O-O Bg7 5. Re1 Nf6 6. Bxc6 dxc6 7. d3 O-O 8.
h3 Ne8 9. e5 Nc7 10. a4 a5 11. Be3 b6 12. Nbd2 Nd5 13. Ne4 h6 14. Bd2 Be6 15.
c3 Nc7 16. Qc2 c4 17. dxc4 Bxc4 18. Rad1 Qc8 19. b3 Be6 20. c4 c5 21. Qc1 Kh7
22. Nc3 Qb7 23. Bf4 Bxh3 24. Nd5 Be6 25. Ne3 Rad8 26. Kh2 Qa8 27. Rxd8 Rxd8 28.
Rh1 Kg8 29. Kg1 h5 30. Ng5 Qc6 31. Qc2 Bc8 32. f3 Kf8 33. Bg3 Ne6 34. Ne4 Nd4
35. Qb2 Nf5 36. Nd5 Nxg3 37. Nxg3 Qe6 38. f4 Bb7 39. Ne3 Qd7 40. Ngf1 Qd3 41.
Rh3 Qe4 42. Qf2 Rd3 43. f5 Kg8 44. e6 fxe6 45. fxg6 Qxg6 46. Qf4 e5 47. Qf2 Be4
48. Rg3 Qf7 49. Qe2 Kh7 50. Nd2 Bg6 51. Nf3 Qf4 52. Nf1 e4 53. Ng5+ Kh6 54. Ne6
Bd4+ 55. Nxd4 Rxg3 56. Ne6 Qd6 57. Nxg3 Qxe6 58. Qe3+ Kh7 59. Ne2 Qf6 60. Nf4
Qd4 61. Kf2 Bf7 62. Nh3 Kg6 63. Nf4+ Kf5 64. Ne2 Qxe3+ 65. Kxe3 h4 66. Nc3 Kg4
67. Ne2 Bg6 68. Nf4 Bf5 69. Nd5 Kg3 70. Nxe7 Bh7 71. Nd5 Kxg2 72. Nf4+ Kf1 0-1

[Event "44th Chess Olympiad Women 2022"]
[Site "Chennai"]
[Date "2022.07.30"]
[Round "2.3"]
[White "Dzagnidze, Nana"]
[Black "Martynkova, Olena"]
[Result "1-0"]
[WhiteElo "2531"]
[BlackElo "2213"]
[Annotator "ChessBase"]
[PlyCount "71"]
[EventDate "2022.07.29"]
[EventType "team-tourn"]
[EventCountry "IND"]
[SourceTitle "playchess.com"]
[Source "ChessBase"]
[SourceQuality "1"]
[WhiteTeam "Georgia"]
[BlackTeam "Lithuania"]
[WhiteTeamCountry "GEO"]
[BlackTeamCountry "LTU"]

1. d4 Nf6 2. c4 g6 3. Nf3 Bg7 4. g3 O-O 5. Bg2 d6 6. Nc3 c5 7. O-O Nc6 8. d5
Na5 9. Nd2 e6 10. Qc2 exd5 11. cxd5 Bd7 12. b3 b5 13. Bb2 b4 14. Nce4 Bb5 15.
Rfe1 Rc8 16. Nxf6+ Bxf6 17. Bh3 Rc7 18. a3 Bxb2 19. Qxb2 Nb7 20. axb4 cxb4 21.
Rxa7 Nc5 22. Rxc7 Qxc7 23. Qd4 Rb8 24. Bf1 Qe7 25. Ra1 Re8 26. e3 Bxf1 27. Kxf1
Qb7 28. Rc1 Qa6+ 29. Rc4 Rb8 30. Kg2 Qa3 31. Qf6 Nxb3 32. Qxd6 Re8 33. Ne4 Ra8
34. Rxb4 Rf8 35. Nf6+ Kg7 36. Ng4 1-0

[Event "44th Chess Olympiad Women 2022"]
[Site "Chennai"]
[Date "2022.07.30"]
[Round "2.3"]
[White "Melia, Salome"]
[Black "Zaksaite, Salomeja"]
[Result "1-0"]
[WhiteElo "2384"]
[BlackElo "2212"]
[Annotator "TA"]
[PlyCount "84"]
[EventDate "2022.07.29"]
[EventType "team-tourn"]
[EventCountry "IND"]
[SourceTitle "playchess.com"]
[Source "ChessBase"]
[SourceQuality "1"]
[WhiteTeam "Georgia"]
[BlackTeam "Lithuania"]
[WhiteTeamCountry "GEO"]
[BlackTeamCountry "LTU"]

1. e4 c5 2. Nf3 e6 3. d4 cxd4 4. Nxd4 Nf6 5. Nc3 Nc6 6. a3 Be7 7. Nxc6 dxc6 8.
Qxd8+ Bxd8 9. e5 Ng4 10. f4 Bb6 11. Ne4 f5 12. exf6 Nxf6 13. Nxf6+ gxf6 14. Bd2
Bd7 15. O-O-O O-O-O 16. Be2 h5 17. Rhf1 h4 18. Bc3 Rh6 19. Kb1 Bc7 20. Bd2 Rg6
21. Bf3 e5 22. fxe5 Bxe5 23. h3 Be6 24. Ba5 b6 25. Rxd8+ Kxd8 26. Be1 Bc4 27.
Rh1 Bg3 28. Bxc6 Kc7 29. Bf3 Kd6 30. Bb4+ Ke6 31. Rd1 Rg5 32. Bc3 Rg7 33. b3
Ba6 34. Bd5+ Kf5 35. Bf3 Ke6 36. Bg4+ Rxg4 37. hxg4 Be2 38. Rd4 Bf1 39. Rd2 Bd6
40. Rf2 Bxg2 41. Rxg2 h3 42. Rf2 Kd5 1-0

[Event "44th Chess Olympiad Women 2022"]
[Site "Chennai"]
[Date "2022.07.30"]
[Round "2.3"]
[White "Baginskaite, Kamile"]
[Black "Javakhishvili, Lela"]
[Result "1/2-1/2"]
[WhiteElo "2134"]
[BlackElo "2476"]
[Annotator "TA"]
[PlyCount "81"]
[EventDate "2022.07.29"]
[EventType "team-tourn"]
[EventCountry "IND"]
[SourceTitle "playchess.com"]
[Source "ChessBase"]
[SourceQuality "1"]
[WhiteTeam "Lithuania"]
[BlackTeam "Georgia"]
[WhiteTeamCountry "LTU"]
[BlackTeamCountry "GEO"]

1. d4 g6 2. Nf3 Bg7 3. c4 c5 4. d5 Nf6 5. Nc3 O-O 6. e4 e6 7. Be2 exd5 8. exd5
d6 9. O-O Re8 10. h3 Bf5 11. Bd3 Qd7 12. Bxf5 Qxf5 13. Nb5 Qd7 14. Bf4 Ne4 15.
Qb3 a6 16. Nc3 b5 17. Rfe1 Bxc3 18. bxc3 Qf5 19. Bh2 Nd7 20. cxb5 axb5 21. Qxb5
Nxc3 22. Qc6 Rec8 23. Qxd6 Qxd5 24. Red1 Qxd6 25. Rxd6 Nf8 26. Rd2 f6 27. Rc2
Nd5 28. Rac1 Ne6 29. Bd6 Rc6 30. Bg3 Nb4 31. Rc4 Nxa2 32. Rb1 Rca6 33. Rb7 R8a7
34. Rxa7 Rxa7 35. Nd2 f5 36. Nb3 Ra6 37. f3 Rc6 38. Be1 Rc7 39. Ba5 Ra7 40.
Nxc5 Kf7 41. Nxe6 1/2-1/2

[Event "44th Chess Olympiad Women 2022"]
[Site "Chennai"]
[Date "2022.07.30"]
[Round "2.3"]
[White "Simkunaite, Gabija"]
[Black "Arabidze, Meri"]
[Result "1-0"]
[WhiteElo "2010"]
[BlackElo "2426"]
[Annotator "TA"]
[PlyCount "129"]
[EventDate "2022.07.29"]
[EventType "team-tourn"]
[EventCountry "IND"]
[SourceTitle "playchess.com"]
[Source "ChessBase"]
[SourceQuality "1"]
[WhiteTeam "Lithuania"]
[BlackTeam "Georgia"]
[WhiteTeamCountry "LTU"]
[BlackTeamCountry "GEO"]

1. e4 c5 2. Nf3 e6 3. g3 Nc6 4. Bg2 Nf6 5. Qe2 e5 6. O-O Be7 7. c3 O-O 8. Rd1
d6 9. d4 cxd4 10. cxd4 Bg4 11. dxe5 Nxe5 12. Nc3 Qa5 13. Bf4 Rfe8 14. Nd5 Rac8
15. h3 Nxd5 16. Rxd5 Bxf3 17. Bxf3 Nxf3+ 18. Qxf3 Qb4 19. Rd2 Bf6 20. Rad1 Bxb2
21. Bxd6 Qc3 22. Qg4 Bc1 23. Rd5 Qf6 24. Be5 Qg5 25. Qd7 f5 26. Qxb7 Qe7 27.
Qxe7 Rxe7 28. exf5 Ba3 29. f6 gxf6 30. Bxf6 Rec7 31. Rd7 Rxd7 32. Rxd7 Rc1+ 33.
Kg2 Rc2 34. Bd4 a5 35. Rg7+ Kf8 36. Rxh7 Rxa2 37. Rc7 Ke8 38. Bc5 Bc1 39. Re7+
Kd8 40. Re1 Bh6 41. Bd4 a4 42. g4 Bg5 43. Kg3 Ra3+ 44. f3 Rd3 45. Bb6+ Kd7 46.
h4 Bf6 47. g5 Bb2 48. Bc5 a3 49. Bxa3 Rxa3 50. h5 Ra8 51. f4 Re8 52. Rb1 Re2
53. Kf3 Rh2 54. Kg4 Ke6 55. Re1+ Kf7 56. h6 Ba3 57. Kf5 Bf8 58. Re6 Rh4 59. Ra6
Kg8 60. Rc6 Kf7 61. Rc7+ Kg8 62. Rc8 Kf7 63. g6+ Kg8 64. g7 Kh7 65. Rxf8 1-0

[Event "44th Chess Olympiad Women 2022"]
[Site "Chennai"]
[Date "2022.07.30"]
[Round "2.4"]
[White "Kiolbasa, Oliwia"]
[Black "Berke, Ana"]
[Result "1-0"]
[WhiteElo "2376"]
[BlackElo "2163"]
[Annotator "TA"]
[PlyCount "91"]
[EventDate "2022.07.29"]
[EventType "team-tourn"]
[EventCountry "IND"]
[SourceTitle "playchess.com"]
[Source "ChessBase"]
[SourceQuality "1"]
[WhiteTeam "Poland"]
[BlackTeam "Croatia"]
[WhiteTeamCountry "POL"]
[BlackTeamCountry "CRO"]

1. e4 c5 2. Nf3 d6 3. d4 cxd4 4. Nxd4 Nf6 5. Nc3 Nc6 6. Bg5 Bd7 7. Qd2 Rc8 8.
O-O-O Nxd4 9. Qxd4 Qa5 10. f4 Rxc3 11. bxc3 e5 12. Qb4 Qxb4 13. cxb4 Nxe4 14.
Bh4 g5 15. fxg5 Be7 16. Bc4 Be6 17. Bxe6 fxe6 18. Kb2 h6 19. c4 hxg5 20. Bg3
Bf6 21. Rhe1 Nxg3 22. hxg3 Ke7 23. Rh1 Rg8 24. Rh7+ Bg7 25. a4 b6 26. a5 bxa5
27. bxa5 Kd7 28. Kc2 Ke7 29. a6 e4 30. g4 e3 31. Rd3 Kf6 32. Rxd6 Bf8 33. Rc6
Bb4 34. Kd3 Bd2 35. Rxa7 Rd8+ 36. Ke2 Bc1 37. Rac7 Ke5 38. a7 Rf8 39. Rf7 Rxf7
40. a8=Q Rf2+ 41. Kd3 Rd2+ 42. Kc3 e2 43. Qh8+ Kf4 44. Qf6+ Kg3 45. Qf3+ Kh2
46. Rxe6 1-0

[Event "44th Chess Olympiad Women 2022"]
[Site "Chennai"]
[Date "2022.07.30"]
[Round "2.4"]
[White "Rudzinska, Michalina"]
[Black "Ivekovic, Tihana"]
[Result "1-0"]
[WhiteElo "2315"]
[BlackElo "2082"]
[Annotator "TA"]
[PlyCount "87"]
[EventDate "2022.07.29"]
[EventType "team-tourn"]
[EventCountry "IND"]
[SourceTitle "playchess.com"]
[Source "ChessBase"]
[SourceQuality "1"]
[WhiteTeam "Poland"]
[BlackTeam "Croatia"]
[WhiteTeamCountry "POL"]
[BlackTeamCountry "CRO"]

1. e4 e6 2. d4 d5 3. e5 c5 4. c3 Ne7 5. Nf3 Nec6 6. Bd3 b6 7. Bg5 Be7 8. Bxe7
Qxe7 9. O-O Ba6 10. Re1 Bxd3 11. Qxd3 O-O 12. Nbd2 Nd7 13. h4 Rfc8 14. a3 cxd4
15. cxd4 Rc7 16. Nb1 Na5 17. Nc3 a6 18. Rac1 Qd8 19. Ng5 Nf8 20. f4 Nc4 21. Re2
Rac8 22. g3 b5 23. Qf3 h6 24. Nh3 f5 25. exf6 Qxf6 26. Qd3 Nd6 27. Rd1 Nf5 28.
Re5 g6 29. g4 Nxh4 30. Rf1 Nd7 31. Re3 Rc4 32. Ne2 Nf8 33. Rg3 Qg7 34. f5 g5
35. Qe3 Re8 36. f6 Qf7 37. Nc1 Nhg6 38. Nd3 Nd7 39. b3 Rcc8 40. Ne5 Ndxe5 41.
dxe5 Rc6 42. Nxg5 hxg5 43. Qxg5 Qa7+ 44. Rf2 1-0

[Event "44th Chess Olympiad Women 2022"]
[Site "Chennai"]
[Date "2022.07.30"]
[Round "2.4"]
[White "Medic, Mirjana"]
[Black "Kashlinskaya, Alina"]
[Result "1/2-1/2"]
[WhiteElo "2194"]
[BlackElo "2505"]
[Annotator "TA"]
[PlyCount "85"]
[EventDate "2022.07.29"]
[EventType "team-tourn"]
[EventCountry "IND"]
[SourceTitle "playchess.com"]
[Source "ChessBase"]
[SourceQuality "1"]
[WhiteTeam "Croatia"]
[BlackTeam "Poland"]
[WhiteTeamCountry "CRO"]
[BlackTeamCountry "POL"]

1. d4 Nf6 2. Nf3 g6 3. c4 Bg7 4. g3 O-O 5. Bg2 d6 6. O-O Nc6 7. Nc3 e5 8. d5
Nb8 9. h3 a5 10. e4 Na6 11. Be3 Nd7 12. Ne1 Nac5 13. Nd3 b6 14. Nxc5 bxc5 15.
Rc1 f5 16. exf5 gxf5 17. f4 exf4 18. Bxf4 Ne5 19. b3 Ng6 20. Bd2 Bd7 21. a4 Kh8
22. Ne2 Rg8 23. Nf4 Nxf4 24. Bxf4 Rb8 25. Kh2 Qf6 26. Re1 Bh6 27. Bxh6 Qxh6 28.
Qf3 Rg7 29. Qe3 Qg6 30. Rc3 Qf6 31. Rd3 Rbg8 32. Qf4 Qb2 33. Rde3 Qf6 34. R1e2
Rg6 35. Re7 R8g7 36. Rxg7 Rxg7 37. Qd2 Qg5 38. Qxg5 Rxg5 39. Re3 Kg8 40. Kg1
Kf7 41. Kf2 Kf6 42. Kf3 Rg8 43. Kf4 1/2-1/2

[Event "44th Chess Olympiad Women 2022"]
[Site "Chennai"]
[Date "2022.07.30"]
[Round "2.4"]
[White "Radikovic, Anamarija"]
[Black "Malicka, Maria"]
[Result "0-1"]
[WhiteElo "2099"]
[BlackElo "2393"]
[Annotator "ChessBase"]
[PlyCount "48"]
[EventDate "2022.07.29"]
[EventType "team-tourn"]
[EventCountry "IND"]
[SourceTitle "playchess.com"]
[Source "ChessBase"]
[SourceQuality "1"]
[WhiteTeam "Croatia"]
[BlackTeam "Poland"]
[WhiteTeamCountry "CRO"]
[BlackTeamCountry "POL"]

1. e4 e6 2. d4 d5 3. Nd2 Be7 4. e5 c5 5. c3 cxd4 6. cxd4 Qb6 7. Qg4 Kf8 8. Bd3
h5 9. Qf4 g5 10. Qe3 Nc6 11. Ne2 Nh6 12. Nb3 a5 13. f4 a4 14. Nc5 Ng4 15. Qg1
Nxd4 16. b4 Qxb4+ 17. Bd2 Nxe2 18. Bxb4 Nxg1 19. Bb5 gxf4 20. Rxg1 Nxe5 21. Rf1
Rg8 22. Rxf4 Rxg2 23. Kf1 Rxh2 24. Kg1 Rc2 0-1

[Event "44th Chess Olympiad Women 2022"]
[Site "Chennai"]
[Date "2022.07.30"]
[Round "2.5"]
[White "Sebag, Marie"]
[Black "Wafa, Shrook"]
[Result "1-0"]
[WhiteElo "2447"]
[BlackElo "2141"]
[Annotator "TA"]
[PlyCount "227"]
[EventDate "2022.07.29"]
[EventType "team-tourn"]
[EventCountry "IND"]
[SourceTitle "playchess.com"]
[Source "ChessBase"]
[SourceQuality "1"]
[WhiteTeam "France"]
[BlackTeam "Egypt"]
[WhiteTeamCountry "FRA"]
[BlackTeamCountry "EGY"]

1. e4 c5 2. Nf3 d6 3. Bb5+ Bd7 4. Bxd7+ Qxd7 5. O-O Nc6 6. c3 Nf6 7. Qe2 g6 8.
d4 cxd4 9. cxd4 Bg7 10. Nc3 O-O 11. Rd1 a6 12. h3 b5 13. a3 Rfc8 14. Bg5 Ne8
15. Rac1 h6 16. Bh4 Qa7 17. e5 e6 18. Bg3 d5 19. Bf4 Na5 20. h4 Rc4 21. Qe3 h5
22. Bh6 Nb3 23. Bxg7 Nxg7 24. Nxb5 axb5 25. Qxb3 Rac8 26. Rc3 Rxc3 27. bxc3 Qa5
28. Rb1 Nf5 29. Qxb5 Qxb5 30. Rxb5 Rxc3 31. Rb8+ Kg7 32. Rb7 Rxa3 33. Ng5 Nxd4
34. Rxf7+ Kg8 35. Rf6 Kg7 36. Nxe6+ Nxe6 37. Rxe6 Ra1+ 38. Kh2 Re1 39. f4 d4
40. Re7+ Kf8 41. Rd7 Re4 42. Kg3 Kg8 43. Kf3 Re3+ 44. Kf2 Re4 45. g3 Kf8 46.
Ra7 Re3 47. Ra4 Rd3 48. Ra6 Kf7 49. Rf6+ Kg7 50. Rd6 Kf7 51. Kg2 Kg7 52. Rd7+
Kf8 53. Kf2 Kg8 54. Rd6 Kg7 55. Rb6 Kf7 56. Rf6+ Kg7 57. f5 gxf5 58. Rxf5 Kg6
59. Rf6+ Kg7 60. Rf3 Rd2+ 61. Ke1 Ra2 62. Rf5 Kg6 63. Rg5+ Kh6 64. e6 Ra8 65.
Kd2 Re8 66. Re5 Kg6 67. Kd3 Kf6 68. Kxd4 Rd8+ 69. Ke4 Rd1 70. Rxh5 Kxe6 71.
Rh6+ Kf7 72. Rc6 Rf1 73. g4 Kg7 74. h5 Rf7 75. Ke5 Ra7 76. Kf5 Ra5+ 77. Kf4 Rb5
78. Re6 Ra5 79. Re5 Ra7 80. Kg5 Ra6 81. Rb5 Rc6 82. Rb7+ Kg8 83. h6 Rc5+ 84.
Kg6 Rc6+ 85. Kh5 Rc5+ 86. g5 Ra5 87. Rb6 Kh7 88. Re6 Rb5 89. Re7+ Kg8 90. Kg6
Rb8 91. Re6 Ra8 92. Kh5 Ra5 93. Kg6 Ra8 94. Re5 Ra6+ 95. Kh5 Ra1 96. Rc5 Kf7
97. Rc7+ Kg8 98. Rg7+ Kh8 99. Rf7 Ra5 100. Kg6 Ra6+ 101. Rf6 Ra8 102. Rf5 Kg8
103. Kh5 Ra1 104. g6 Rh1+ 105. Kg5 Rg1+ 106. Kf6 Rg2 107. Ra5 Rf2+ 108. Kg5
Rg2+ 109. Kf5 Rf2+ 110. Ke4 Re2+ 111. Kf3 Re8 112. Kf4 Rb8 113. Kg5 Kh8 114. h7
1-0

[Event "44th Chess Olympiad Women 2022"]
[Site "Chennai"]
[Date "2022.07.30"]
[Round "2.5"]
[White "Savina, Anastasia"]
[Black "Moaataz, Ayah"]
[Result "1-0"]
[WhiteElo "2377"]
[BlackElo "2119"]
[Annotator "ChessBase"]
[PlyCount "73"]
[EventDate "2022.07.29"]
[EventType "team-tourn"]
[EventCountry "IND"]
[SourceTitle "playchess.com"]
[Source "ChessBase"]
[SourceQuality "1"]
[WhiteTeam "France"]
[BlackTeam "Egypt"]
[WhiteTeamCountry "FRA"]
[BlackTeamCountry "EGY"]

1. d4 d5 2. c4 c6 3. Nc3 Nf6 4. Nf3 e6 5. e3 Nbd7 6. Qc2 Bd6 7. Bd3 dxc4 8.
Bxc4 O-O 9. O-O e5 10. h3 h6 11. Bb3 Kh8 12. Bd2 exd4 13. exd4 Nh5 14. Rae1 Bf4
15. g4 Bxd2 16. Qxd2 Qf6 17. Bd1 Nb6 18. Ne4 Qf4 19. gxh5 Qxd2 20. Nexd2 Bxh3
21. Re7 Bxf1 22. Kxf1 Rad8 23. Rxb7 Rd7 24. Rxd7 Nxd7 25. Ba4 Rc8 26. Ne4 Nb6
27. Nd6 Rc7 28. Bb3 Nd5 29. Ne5 Kh7 30. Ndxf7 Nf4 31. Nd8 c5 32. d5 Re7 33.
Ndc6 Rb7 34. d6 c4 35. Bc2+ Kg8 36. d7 Ne6 37. Bf5 1-0

[Event "44th Chess Olympiad Women 2022"]
[Site "Chennai"]
[Date "2022.07.30"]
[Round "2.5"]
[White "Mona, Khaled"]
[Black "Guichard, Pauline"]
[Result "0-1"]
[WhiteElo "2127"]
[BlackElo "2379"]
[Annotator "ChessBase"]
[PlyCount "74"]
[EventDate "2022.07.29"]
[EventType "team-tourn"]
[EventCountry "IND"]
[SourceTitle "playchess.com"]
[Source "ChessBase"]
[SourceQuality "1"]
[WhiteTeam "Egypt"]
[BlackTeam "France"]
[WhiteTeamCountry "EGY"]
[BlackTeamCountry "FRA"]

1. d4 Nf6 2. c4 e6 3. Nf3 d5 4. Nc3 dxc4 5. e4 b5 6. Qc2 a6 7. Bg5 h6 8. Bxf6
Qxf6 9. a4 c5 10. d5 b4 11. Nd1 exd5 12. exd5 Bf5 13. Qd2 Bd6 14. Bxc4 O-O 15.
O-O Be4 16. Be2 Nd7 17. Ne3 Bxf3 18. Bxf3 Qf4 19. Rfc1 Qxh2+ 20. Kf1 Rfe8 21.
Ke2 Re7 22. Rh1 Qf4 23. Rac1 Rae8 24. Kf1 Ne5 25. Rh3 c4 26. Be2 f5 27. g3 Qe4
28. Bxc4 f4 29. gxf4 Qxf4 30. Be2 Rf8 31. Qe1 Ref7 32. Nc4 Qg5 33. f3 Nxf3 34.
Bxf3 Rxf3+ 35. Rxf3 Rxf3+ 36. Ke2 Qg2+ 37. Kd1 Rf1 0-1